Stades des plus grands clubs de football #1 - Statistiques

Statistiques générales
  • Ce quiz a été pris 2 097 fois
    2 075 depuis la dernière actualisation
  • Le résultat moyen est 12 sur 20
Statistiques - réponses
Club Stade % Correct
Barcelone Camp nou
98%
Paris saint-germain Parc des princes
94%
Bayern Allianz arena
89%
Liverpool Anfield
87%
AC Milan San siro
87%
Inter de Milan San siro
87%
Real Madrid Santiago Bernabeu
86%
Manchester united Old Trafford
78%
Arsenal Emirates Stadium
67%
Chelsea Stamford bridge
63%
Atletico de Madrid Wanda Metropolitano
55%
Manchester City Etihad Stadium
52%
Dortmund Signal Iduna Park
50%
Juventus Juventus stadium
49%
Tottenham Tottenham Hotspur Stadium
34%
Porto Stade du dragon
28%
Naples Diego Armando Maradona stadium
16%
Ajax Johan Cruijff arena
15%
Rome Stade Olympique
15%
Séville Ramón Sánchez Pizjuán
13%
Aucun quiz correspondant
Distribution des résultats
% des personnes avec chaque résultat
Percentile par nombre de réponses
Votre historique - résultats
Vous n’avez pas pris ce quiz depuis la dernière actualisation